Uniwersum szkolnej 17 - Statystyki

Ogólne statystyki
  • Ten quiz został rozwiązany 231 razy
  • Średni wynik to 5 z 15
Statystyki odpowiedzi
Hint Odpowiedź % Poprawnych
struś/pasożyt major/suchodolski
99%
nibemben/właściciel/pan kwadratu/prezydent i meczennik borzy kononowicz
93%
Pies kononowicza nero
90%
auto borze asterka
56%
brat konona bogumił
39%
dziadek prezydenta Józef piłsudski
37%
ukochana meksyka ewa
22%
redaktor jarosław meksykano
22%
matka pasożyta Janina
10%
była partnerka wojciecha Karolinka
8%
ojciec majora bombasu Zenon
4%
tania siła robocza jan ełborodo
3%
wróg majora wuwunio
3%
sąsiad gakargul
1%
Szczena mareczek
1%
Nie znaleziono quizów pasujących do podanych kryteriów
Rozkład punktacji
Procent ludzi z każdym wynikiem
Percentyl według liczby udzielonych odpowiedzi
Twoja historia wyników
Nie rozwiązałeś tego quizu